000 00720nam a2200229 i 4500
001 C2-0145118
003 PPAK
005 20180727130548.0
008 980301s1994 my a|||| ||||| | eng d
020 _a9838710032
040 _aPPAK
_beng
_cPPAK
_erda
082 0 4 _a324.609595
_223
090 0 0 _a324.609595
_bELE
_dR
245 0 0 _aElections in Malaysia facts and figures :
_bNSTP research and information services
264 1 _aKuala Lumpur :
_bThe New Straits Time Press ,
_c1994
300 _a162 pages :
_bcolour illustrations ;
_c30 cm
336 _2rdacontent
_atext
337 _2rdamedia
_aunmediated
338 _2rdacarrier
_avolume
700 0 _aSopiah Suid ; Nor Zahidi Alias,
_eeditor
942 _ddc
_cB
999 _c45754
_d45754